Sports Quiz

Random Sports or Basketball Quiz

AP All-Americans Quiz Stats

 Plays Quiz Updated Dec 5, 2018

Support Sporcle.
Go Orange.
Score 0/130 Timer 16:00
3 Plays Today
Year Player % Correct
2007Kevin Durant
78.9%
2009Stephen Curry
78.7%
2009Blake Griffin
73.6%
1991Larry Johnson
71.3%
1990Larry Johnson
71.3%
2007Greg Oden
70%
2010John Wall
69.7%
2012Anthony Davis
68.1%
2002Jason Williams
67.4%
2001Jason Williams
67.4%
2006Shelden Williams
67.2%
2006Adam Morrison
65.2%
2010Wesley Johnson
63.3%
1997Tim Duncan
62.1%
1996Tim Duncan
62.1%
2011JaJuan Johnson
61.9%
2003Dwyane Wade
61.6%
2014Russ Smith
61.5%
2011Nolan Smith
61.4%
2009Tyler Hansbrough
61%
2008Tyler Hansbrough
61%
2008Kevin Love
60.9%
2008Michael Beasley
60.6%
2005Chris Paul
60.5%
2006J.J. Redick
57.6%
2005J.J. Redick
57.6%
2015Jahlil Okafor
56.7%
2010Evan Turner
55.5%
2010DeMarcus Cousins
54.6%
2009James Harden
54.3%
2003David West
53.4%
2013Doug McDermott
53.4%
2014Doug McDermott
53.4%
2012Doug McDermott
53.4%
2015Frank Kaminsky
53%
2005Andrew Bogut
52.4%
2011Kemba Walker
52.3%
1991Shaquille O'Neal
51.5%
1992Shaquille O'Neal
51.5%
2000Kenyon Martin
51.3%
2004Jameer Nelson
50.1%
1995Joe Smith
50%
2004Emeka Okafor
49.5%
2009DeJuan Blair
49.5%
Year Player % Correct
1992Christian Laettner
46.7%
2011Jimmer Fredette
46.2%
2012Thomas Robinson
45.2%
1994Grant Hill
45.1%
2007Acie Law
44.5%
1996Allen Iverson
44.2%
1996Ray Allen
44.2%
2012Draymond Green
43.9%
1994Glenn Robinson
42.5%
2001Shane Battier
41%
1998Paul Pierce
40.6%
1993Chris Webber
40.3%
1999Richard Hamilton
40%
2010Scottie Reynolds
39.9%
2003Nick Collison
39.8%
2015D'Angelo Russell
39.7%
2008Chris Douglas-Roberts
39.6%
2006Brandon Roy
39.3%
1996Marcus Camby
39%
1999Mateen Cleaves
38.2%
1999Elton Brand
37.9%
2013Trey Burke
37.2%
2003T.J. Ford
37.1%
1992Jimmy Jackson
36.2%
1990Chris Jackson
36.2%
2002Juan Dixon
36.2%
1994Jason Kidd
36%
2014Shabazz Napier
36%
2015Jerian Grant
35.1%
1998Mike Bibby
34.4%
1993Bobby Hurley
32.6%
1998Antawn Jamison
32.3%
2014Jabari Parker
32%
2013Victor Oladipo
31.9%
2008D.J. Augustin
30.6%
1999Andre Miller
30.6%
1997Keith Van Horn
29.5%
1992Alonzo Mourning
28.4%
2003Josh Howard
28.1%
1990Derrick Coleman
27.2%
1991Kenny Anderson
27%
1995Ed O'Bannon
26.5%
2006Randy Foye
26.5%
2011Jared Sullinger
26.4%
Year Player % Correct
2012Jared Sullinger
26.4%
1993Anfernee Hardaway
26.2%
2000Marcus Fizer
25.9%
2005Hakim Warrick
25.8%
2013Otto Porter
25.5%
2015Willie Cauley-Stein
24.1%
1991Stacey Augmon
23.9%
1990Gary Payton
23.7%
2004Josh Childress
23.6%
1998Miles Simon
23.1%
1993Jamal Mashburn
23%
2007Alando Tucker
22.2%
1995Jerry Stackhouse
21.9%
2007Aaron Afflalo
20.2%
2004Ryan Gomes
18.9%
2000Troy Murphy
18.8%
2001Troy Murphy
18.8%
2002Drew Gooden
18.6%
1996Kerry Kittles
17.8%
1993Calbert Cheaney
17.6%
2013Kelly Olynyk
17.6%
1997Raef Lafrentz
17.5%
1998Raef Lafrentz
17.5%
2004Lawrence Roberts
17.3%
2002Dan Dickau
16.4%
1999Jason Terry
15.8%
1997Ron Mercer
15%
2005Wayne Simien
13.8%
2014Sean Kilpatrick
13.4%
1995Damon Stoudamire
13.3%
2001Joseph Forte
13%
1990Lionel Simmons
12.8%
1992Harold Miner
11.9%
1994Donyell Marshall
11.8%
2001Casey Jacobsen
10.3%
1991Billy Owens
9.7%
1995Shawn Respert
9.3%
1997Danny Fortson
8.2%
2002Steve Logan
8.1%
2000Chris Mihm
7.7%
2000A.J. Guyton
7%
1994Clifford Rozier
4.7%

From the Vault

NFL 100 All-Time Team

by mhershfield

Sports 12m
Maybe it's just us, but a team with 100 players and 10 coaches seems like cheating.
Remove Ads.
Support Sporcle.
Get the best of Sporcle when you Go Orange. This ad-free experience offers more features, more stats, and more fun while also helping to support Sporcle. Thank you for becoming a member.

Show Comments

Extras

Top Quizzes Today


Score Distribution

Your Account Isn't Verified!

In order to create a playlist on Sporcle, you need to verify the email address you used during registration. Go to your Sporcle Settings to finish the process.

Report this User

Report this user for behavior that violates our Community Guidelines.

Details: